000 01239 a2200241 4500
003 Nust
005 20221223100311.0
010 _a 99034015
020 _a9814126357
040 _cNust
082 0 0 _a621.385,BEL
100 1 _aBellamy, John,
_9727
245 1 0 _aDigital telephony /
_cJohn C. Bellamy.
250 _a3rd edition
260 _aNew York :
_bWiley,
_cc2000.
300 _axxv, 643 p. :
_bill. ;
_c24 cm.
440 0 _aWiley series in telecommunications and signal processing
_9728
505 _aBackground and Terminology (Page-1), Why Digital (Page-73), Voice Digitization (Page-91), Digital Transmission and Multiplexing (Page-161), Digital Switching (Page-225), Digital Modulation and Radio Sys (Page-277), Network Synchronization Control and Management (Page-335), Fiber Optic Transmission Sys (Page-383), Digital Mobile Telephony (Page-437), Data Asynchronous Transfer Mode Networks (Page-455), Digital Subscriber Access (Page-495), Traffic Analysis (Page-519).
650 0 _aDigital telephone systems.
_9729
856 4 2 _3Publisher description
_uhttp://www.loc.gov/catdir/description/wiley0310/99034015.html
856 4 2 _3Table of Contents
_uhttp://www.loc.gov/catdir/toc/onix01/99034015.html
942 _2ddc
_cBK
999 _c183675
_d183675